000 00317 a2200157 4500
001 182662
020 _a
040 _cMagnum
100 _aSheikk, Luciano
240 1 0 _aJovens para sempre
_lpor
245 1 0 _aJovens para sempre
300 _a168
362 0 _a2003
697 _aLITERATURA GERAL
942 _cBK
999 _c182662
_d182662